Quan niệm về thơ của trường thơ loạn và Xuân thu Nhã tập

Trường thơ Loạn và Xuân Thu nhã tập trong thơ mới 1932 - 1945. Quan niệm của trường thơ loạn và Xuân Thu nhã tập về nghề thơ, nhà thơ, bạn đọc. Quan niệm của trường thơ Loạn và Xuân thu nhã tập về nội dung, hình thức tác phẩm thơ.

Na minha lista:
Detalhes bibliográficos
Autor principal: Lê Nguyễn Sơn Tr
Outros Autores: Hoàng Sĩ Nguyên TS (Hướng dẫn)
Formato: Livro
Idioma:Vietnamese
Publicado em: Đà Nẵng Đại học Đà Nẵng 2009
Assuntos:
Tags: Adicionar Tag
Sem tags, seja o primeiro a adicionar uma tag!
Thư viện lưu trữ: Mạng thư viện Đại học Đà Nẵng
LEADER 01676nam a2200349 4500
001 000010669
003 6877
005 20111216111229.0
008 111216s2009 viesd
041 |a vie 
072 |a Luận văn Thạc sĩ khoa học xã hội và nhân văn 
082 |a 895.9221  |b LÊ-T 
100 1 |a Lê Nguyễn Sơn Trà 
245 1 |a Quan niệm về thơ của trường thơ loạn và Xuân thu Nhã tập  |c Lê Nguyễn Sơn Trà 
260 |a Đà Nẵng  |b Đại học Đà Nẵng  |c 2009 
300 |a 97 tr  |c 29 cm 
500 |a Luận văn Thạc sĩ Khoa học xã hội và nhân văn. Chuyên ngành: Văn học Việt Nam. Mã số: 60.22.34 
520 |a Trường thơ Loạn và Xuân Thu nhã tập trong thơ mới 1932 - 1945. Quan niệm của trường thơ loạn và Xuân Thu nhã tập về nghề thơ, nhà thơ, bạn đọc. Quan niệm của trường thơ Loạn và Xuân thu nhã tập về nội dung, hình thức tác phẩm thơ. 
653 |a Sự ra đời của Thơ mới 1932 - 1945 
653 |a Luận văn Thạc sĩ Văn học Việt Nam 
653 |a Xuân Thu nhã 
700 1 |a Hoàng Sĩ Nguyên  |c TS  |e Hướng dẫn 
OWN |a LSP 
AVA |a UDN50  |b LSP  |d 895.9221 LÊ-T  |e available  |t Error 5001 Not defined in file expand_doc_bib_avail.  |f 1  |g 0  |h N  |i 0  |k 1 
999 |a From the UDN01 
AVA |a UDN50  |b LSP  |d 895.9221 LÊ-T  |e available  |t Error 5001 Not defined in file expand_doc_bib_avail.  |f 1  |g 0  |h N  |i 0  |k 1 
TYP |a Monograph 
TYP |a Printed language 
980 |a Mạng thư viện Đại học Đà Nẵng